|
|
|
|
| LEADER |
00000cam a22000004a 4500 |
| 001 |
musev2_5665 |
| 003 |
MdBmJHUP |
| 005 |
20230905040654.0 |
| 006 |
m o d |
| 007 |
cr||||||||nn|n |
| 008 |
100601s2009 cc o 00 0 eng d |
| 010 |
|
|
|z 2010396745
|
| 020 |
|
|
|a 9789888052424
|
| 020 |
|
|
|z 9789622099784
|
| 035 |
|
|
|a (OCoLC)707092914
|
| 040 |
|
|
|a MdBmJHUP
|c MdBmJHUP
|
| 043 |
|
|
|a a-cc-hk
|
| 050 |
0 |
4 |
|a KNQ9392.4
|b .I57 2009
|
| 245 |
0 |
0 |
|a Introduction to Crime, Law and Justice in Hong Kong /
|c edited by Mark S. Gaylord, Danny Gittings and Harold Traver.
|
| 264 |
|
1 |
|a [London :
|b distributed by Eurospan],
|c 2009.
|
| 264 |
|
3 |
|a Baltimore, Md. :
|b Project MUSE,
|c 2012
|
| 264 |
|
4 |
|c ©2009.
|
| 300 |
|
|
|a 1 online resource (272 pages).
|
| 336 |
|
|
|a text
|b txt
|2 rdacontent
|
| 337 |
|
|
|a computer
|b c
|2 rdamedia
|
| 338 |
|
|
|a online resource
|b cr
|2 rdacarrier
|
| 500 |
|
|
|a "The precursor of this book [is] Introduction to the Hong Kong criminal justice system"--Pref.
|
| 504 |
|
|
|a Includes bibliographical references and index.
|
| 505 |
0 |
0 |
|t Introduction to crime, law and justice in Hong Kong /
|r Mark S. Gaylord, Danny Gittings and Harold Traver --
|t Criminal law /
|r Michael Jackson --
|t Counting crime in Hong Kong /
|r Yuet Wah Cheung and Nicole W.T. Cheung --
|t Hong Kong police force /
|r Harold Traver --
|t Customs and excise department /
|r Mark S. Gaylord --
|t Independent Commission Against Corruption /
|r Ian McWalters and Ann Carver --
|t Prosecutions Division of the Department of Justice /
|r Simon N.M. Young --
|t Legal assistance /
|r P.Y. Lo --
|t Hong Kong judiciary /
|r Danny Gittings --
|t Court interpreters' office /
|r Kwai Hang Ng --
|t Correctional Services Department /
|r Karen Joe Laidler --
|t Social Welfare Department /
|r Francis Wing-lin Lee --
|t Cross-border relations in criminal matters /
|r Choy Dick Wan and Fu Hualing --
|g Appendix:
|t Hong Kong's principal criminal ordinances/common law offences /
|r Michael Jackson.
|
| 588 |
|
|
|a Description based on print version record.
|
| 650 |
|
0 |
|a Criminal justice, Administration of
|z China
|z Hong Kong.
|
| 655 |
|
7 |
|a Electronic books.
|2 local
|
| 700 |
1 |
|
|a Traver, Harold.
|
| 700 |
1 |
|
|a Gittings, Danny.
|
| 700 |
1 |
|
|a Gaylord, Mark S.
|
| 730 |
0 |
|
|a Introduction to the Hong Kong criminal justice system.
|
| 710 |
2 |
|
|a Project Muse.
|e distributor
|
| 830 |
|
0 |
|a Book collections on Project MUSE.
|
| 856 |
4 |
0 |
|z Texto completo
|u https://projectmuse.uam.elogim.com/book/5665/
|
| 945 |
|
|
|a Project MUSE - Custom Collection
|
| 945 |
|
|
|a Project MUSE - Archive Complete Foundation
|
| 945 |
|
|
|a Project MUSE - Archive Political Science and Policy Studies Foundation
|
| 945 |
|
|
|a Project MUSE - Archive Asian and Pacific Studies Foundation
|